Advanced engineering mathematics (Record no. 129556)

MARC details
000 -LEADER
fixed length control field 00382nam a2200157Ia 4500
008 - FIXED-LENGTH DATA ELEMENTS--GENERAL INFORMATION
fixed length control field 230917s9999||||xx |||||||||||||| ||und||
040 ## - CATALOGING SOURCE
-- 109212
Original cataloging agency VIVEKANANDA LIBRARY
041 ## - Language
-- English
082 ## - DDC NUMBER
Classification number 510.2462 J199A
100 ## - MAIN ENTRY--PERSONAL NAME
Personal name Jain, R K
245 #0 - TITLE STATEMENT
Title Advanced engineering mathematics
250 ## - EDITION STATEMENT
Edition statement 2nd ed.
260 ## - PUBLICATION, DISTRIBUTION, ETC. (IMPRINT)
Place of publication, distribution, etc New Delhi
Name of publisher, distributor, etc Narosa
Date of publication, distribution, etc 2005
300 ## - PHYSICAL DESCRIPTION
Pages xvii, 1136 p.
942 ## - ADDED ENTRY ELEMENTS (KOHA)
Koha item type Books
Holdings
Withdrawn status Lost status Damaged status Not for loan Location (home branch) Sublocation or collection (holding branch) Date acquired Koha issues (times borrowed) Koha full call number Accession No. Koha date last seen Koha item type Shelving location
        VIVEKANANDA LIBRARY VIVEKANANDA LIBRARY 05/12/2005   510.2462 J199A 226691 17/09/2023 Books  
        VIVEKANANDA LIBRARY VIVEKANANDA LIBRARY 05/12/2005   510.2462 J199A 226692 17/09/2023 Books  
        VIVEKANANDA LIBRARY VIVEKANANDA LIBRARY 05/12/2005   510.2462 J199A 226693 17/09/2023 Books  
        VIVEKANANDA LIBRARY VIVEKANANDA LIBRARY 05/12/2005   510.2462 J199A 226694 17/09/2023 Books UIET Library
        VIVEKANANDA LIBRARY VIVEKANANDA LIBRARY 05/12/2005   510.2462 J199A 226695 17/09/2023 Books UIET Library
        VIVEKANANDA LIBRARY VIVEKANANDA LIBRARY 05/12/2005   510.2462 J199A 226696 17/09/2023 Books UIET Library
        VIVEKANANDA LIBRARY VIVEKANANDA LIBRARY 05/12/2005   510.2462 J199A 226697 17/09/2023 Books UIET Library
        VIVEKANANDA LIBRARY VIVEKANANDA LIBRARY 05/12/2005   510.2462 J199A 226698 17/09/2023 Books  
        VIVEKANANDA LIBRARY VIVEKANANDA LIBRARY 05/12/2005   510.2462 J199A 226699 17/09/2023 Books UIET Library
        VIVEKANANDA LIBRARY VIVEKANANDA LIBRARY 05/12/2005   510.2462 J199A 226700 17/09/2023 Books  
        VIVEKANANDA LIBRARY VIVEKANANDA LIBRARY 05/12/2005   510.2462 J199A 236687 17/09/2023 Books  
© Designed and Maintained by Vivekananda Library, MDU Rohtak